Psychological testing in Zambia (Record no. 55215)

MARC details
000 -LEADER
fixed length control field 00541nam a2200145 a 4500
008 - FIXED-LENGTH DATA ELEMENTS--GENERAL INFORMATION
fixed length control field 100322s1992 ||||||||||||||||| || |
050 ## - LIBRARY OF CONGRESS CALL NUMBER
Classification number UN-ECA(08)EM
100 ## - MAIN ENTRY--PERSONAL NAME
Personal name Ngulube, N. M. J
245 10 - TITLE STATEMENT
Title Psychological testing in Zambia
260 ## - PUBLICATION, DISTRIBUTION, ETC.
Place of publication, distribution, etc. Addis Ababa
Name of publisher, distributor, etc. UNECA
Date of publication, distribution, etc. 1992
300 ## - PHYSICAL DESCRIPTION
Extent 55-68pp
350 ## - PRICE (NR) (BK AM CF MU VM SE) [OBSOLETE]
Price 0.00
710 ## - ADDED ENTRY--CORPORATE NAME
Corporate name or jurisdiction name as entry element United Nations Economic Commission For Africa(UNECA)
995 ## - RECOMMENDATION 995 [LOCAL, UNIMARC FRANCE]
-- 0.00
-- CBU-MAIN LIBRARY (Kitwe)
-- 1
-- 0.00
-- 1
-- AVAILABLE
-- Mar 22, 2010
-- Zambiana Collection
Holdings
Withdrawn status Lost status Source of classification or shelving scheme Damaged status Not for loan Home library Current library Shelving location Date acquired Total Checkouts Full call number Barcode Date last seen Price effective from Koha item type
          CBU-MAIN LIBRARY, KITWE. CBU-MAIN LIBRARY, KITWE.   11/30/2022   UN-ECA(08)EM Z03006078 11/30/2022 11/30/2022 MONOGRAPH